महात्मा फुलेंची उद्यमशीलता (Record no. 370054)

MARC details
000 -LEADER
fixed length control field 03471 a2200145 4500
003 - CONTROL NUMBER IDENTIFIER
control field OSt
005 - DATE AND TIME OF LATEST TRANSACTION
control field 20260205164214.0
008 - FIXED-LENGTH DATA ELEMENTS--GENERAL INFORMATION
fixed length control field 260205b |||||||| |||| 00| 0 eng d
100 ## - MAIN ENTRY--PERSONAL NAME
Personal name लांजेकर ज .
9 (RLIN) 216642
245 ## - TITLE STATEMENT
Title महात्मा फुलेंची उद्यमशीलता
260 ## - PUBLICATION, DISTRIBUTION, ETC. (IMPRINT)
Name of publisher, distributor, etc. भारतीय विचार साधना प्रकाशन
Date of publication, distribution, etc. 2019
Place of publication, distribution, etc. पुणे
300 ## - PHYSICAL DESCRIPTION
Extent 183PP.
520 ## - SUMMARY, ETC.
Summary, etc. हात्मा जोतीराव फुले हे केवळ महान समाजसुधारकच नव्हे, तर एक दूरदृष्टीचे उद्योजक आणि राष्ट्रउभारणी करणारे 'नेशन बिल्डर' होते. त्यांनी १८६३ मध्ये पुण्यात धातू-कास्टिंग (Metal Casting) उपकरणे पुरवण्याचा व्यवसाय सुरू केला आणि कंत्राटदार म्हणून काम करून आर्थिक सक्षमीकरण साध्य केले. व्यवसायातील नफ्यातून त्यांनी सामाजिक कार्याला निधी दिला, जे आजच्या 'कॉर्पोरेट सोशल रिस्पॉन्सिबिलिटी'चे (CSR) पूर्वसूचक मानले जाते. <br/>Wikipedia<br/> +2<br/>महात्मा फुलेंच्या उद्यमशीलतेची प्रमुख वैशिष्ट्ये:<br/>सक्षम कंत्राटदार व उद्योजक: १८६३ मध्ये पुणे नगरपालिका क्षेत्रात धातूच्या वस्तूंचा व्यवसाय आणि कंत्राटदारी यशस्वीरित्या केली.<br/>सामाजिक कार्यासाठी निधी: व्यवसायातून मिळालेल्या उत्पन्नाचा वापर त्यांनी दलित, महिला व शेतकऱ्यांच्या शिक्षणासाठी आणि समाजसुधारणेसाठी केला.<br/>आर्थिक स्वावलंबनाचा विचार: 'शेतकऱ्याचा आसूड' या पुस्तकातून शेती सुधारणेचे व आर्थिक स्वावलंबनाचे महत्त्व मांडले.<br/>पुणे नगरपालिकेत आयुक्त: १८७६ ते १८८३ या काळात पुणे नगरपालिकेत काम करताना त्यांनी मुलभूत सुविधांवर भर दिला. <br/>Wikipedia<br/> +3<br/>फुले यांचा असा ठाम विश्वास होता की, सामाजिक क्रांतीसाठी आर्थिक स्थिरता अत्यंत आवश्यक आहे. त्यांचे जीवन सामाजिक सुधारणा आणि व्यवसाय यांचा समतोल कसा साधावा, याचा उत्तम आदर्श आहे.
942 ## - ADDED ENTRY ELEMENTS (KOHA)
Koha item type Books
Source of classification or shelving scheme Dewey Decimal Classification
Holdings
Withdrawn status Lost status Source of classification or shelving scheme Damaged status Not for loan Collection code Home library Current library Date acquired Vendor Cost, normal purchase price Total Checkouts Barcode Date last seen Cost, replacement price Bill Date Koha item type Original Barcode
    Dewey Decimal Classification     MCA MKSSS s K.B. Joshi Institute of Information Technology Library MKSSS s K.B. Joshi Institute of Information Technology Library 30/01/2026 188 147.00   KBJP-BK-2930 30/01/2026 210.00 30/01/2026 Books 2930